000 00553nam a22001937a 4500
999 _c6357
_d6357
003 OSt
005 20191021152805.0
008 191021b ||||| |||| 00| 0 eng d
020 _a9781493919444
040 _cDDC
082 _a515 BOW 2014
100 _aBowers, Adam; Kalton, Nigel J.
_912994
245 _aAn Introductory Course in Functional Analysis
260 _aNew York;
_bSpringer,
_c2014
300 _axvi,232p;
_bIll:
_c23cm
504 _aAppendices, references, & index included
650 _aFunctional analysis
_95452
942 _2z
_cO_SHELF